[Event "VIE-ch U15 Girls"]
[Site "Hanoi"]
[Date "2022.06.15"]
[Round "6"]
[White "Ngo, Minh Hang"]
[Black "Chau, Dien Nha Uyen"]
[Result "1-0"]
[WhiteElo "2117"]
[BlackElo "2094"]
[PlyCount "35"]
[EventDate "2022.06.11"]
[EventType "swiss"]
[EventRounds "9"]
[EventCountry "VIE"]
[SourceTitle "EXT 2023"]
[Source "ChessBase"]
[SourceDate "2022.10.05"]
[SourceVersion "1"]
[SourceVersionDate "2022.10.05"]
[SourceQuality "1"]

1. e4 c5 2. Nf3 a6 3. c4 d6 4. Nc3 Nc6 5. d4 Bg4 6. d5 Bxf3 7. gxf3 Ne5 8. f4 Nd7 9. Bh3 Ngf6 10. Be3 Qc7 11. Qa4 g6 12. 0-0-0 Rc8 13. e5 dxe5 14. d6 exd6 15. fxe5 dxe5 16. Bg5 Bd6 17. Bxf6 b5 18. Bxd7+ 1-0

[Event "VIE-ch U15 Girls"]
[Site "Hanoi"]
[Date "2022.06.12"]
[Round "2"]
[White "Bui, Khanh Nguyen"]
[Black "Chau, Dien Nha Uyen"]
[Result "0-1"]
[WhiteElo "2103"]
[BlackElo "2094"]
[PlyCount "172"]
[EventDate "2022.06.11"]
[EventType "swiss"]
[EventRounds "9"]
[EventCountry "VIE"]
[SourceTitle "EXT 2023"]
[Source "ChessBase"]
[SourceDate "2022.10.05"]
[SourceVersion "1"]
[SourceVersionDate "2022.10.05"]
[SourceQuality "1"]

1. d4 d5 2. Nf3 e6 3. e3 Bd6 4. c4 c6 5. Nc3 f5 6. c5 Bc7 7. Be2 Nf6 8. Ne5 0-0 9. f4 Bd7 10. 0-0 Be8 11. a3 Nbd7 12. b4 Ne4 13. Nxe4 fxe4 14. Bg4 Rf6 15. Bd2 Rh6 16. Be1 Qe7 17. Nxd7 Bxd7 18. h4 Rf8 19. g3 Be8 20. Kg2 Bg6 21. Kh2 e5 22. dxe5 Bxe5 23. Rc1 Be8 24. Bd2 Bc7 25. Kg2 Bd7 26. Bxd7 Qxd7 27. Bc3 Rg6 28. h5 Rg4 29. h6 gxh6 30. Qd4 Qf5 31. Kf2 Kf7 32. Rg1 Rfg8 33. Rg2 R4g6 34. Rcg1 h5 35. Qd1 Bd8 36. Kf1 Qh3 37. Kf2 Bh4 38. Ke2 Qg4+ 39. Kd2 Qxd1+ 40. Kxd1 Rxg3 41. Rxg3 Bxg3 42. Rh1 h4 43. a4 a6 44. Ke2 Ke6 45. Be1 Rg7 46. Bc3 Rg6 47. Be1 h6 48. Bc3 Kf5 49. Kf1 Kg4 50. Kg2 Kf5 51. Kf1 Kg4 52. Kg2 h5 53. a5 Kf5 54. Kf1 Rg8 55. Bd2 Kg4 56. Kg2 Rf8 57. Bc3 Rf7 58. Bd2 d4 59. exd4 Bxf4 60. Bc3 Bg3 61. Be1 h3+ 62. Rxh3 Bxe1 63. Re3 Bxb4 64. Rxe4+ Rf4 65. Re7 Rxd4 66. Rxb7 Bxc5 67. Rg7+ Kh4 68. Rc7 Rg4+ 69. Kf3 Rg6 70. Rf7 Rg3+ 71. Kf4 Be3+ 72. Ke4 Bd2 73. Rc7 Bxa5 74. Rxc6 Bd2 75. Rxa6 Kh3 76. Ra2 Rg2 77. Kf3 h4 78. Ra1 Kh2 79. Rf1 h3 80. Rd1 Bb4 81. Rc1 Rg1 82. Rc2+ Kh1 83. Rb2 Be1 84. Ra2 h2 85. Ke3 Rf1 86. Rxh2+ Kxh2 0-1

[Event "VIE-chT (Women)"]
[Site "Ho Chi Minh City"]
[Date "2017.07.26"]
[Round "5.31"]
[White "Chau, Dien Nha Uyen"]
[Black "Nguyen, Ngoc Van Anh"]
[Result "1/2-1/2"]
[WhiteElo "1894"]
[BlackElo "1587"]
[PlyCount "103"]
[EventDate "2017.07.24"]
[EventType "team-swiss"]
[EventRounds "9"]
[EventCountry "VIE"]
[SourceTitle "EXT 2019"]
[Source "ChessBase"]
[SourceDate "2018.10.10"]
[SourceVersion "1"]
[SourceVersionDate "2018.10.10"]
[SourceQuality "1"]

1. e4 c6 2. d4 d5 3. Nc3 dxe4 4. Nxe4 Bf5 5. Ng3 Bg6 6. Nf3 Nf6 7. h4 h6 8. h5 Bh7 9. Bd3 Bxd3 10. Qxd3 e6 11. Bd2 Bd6 12. Ne4 Nxe4 13. Qxe4 Nd7 14. c4 Nf6 15. Qe2 Qc7 16. Bc3 0-0-0 17. 0-0-0 Bf4+ 18. Kb1 Rhe8 19. Ne5 Bxe5 20. dxe5 Nd7 21. Rd6 Nc5 22. Rhd1 Na4 23. Be1 Rxd6 24. exd6 Qd7 25. b3 Nb6 26. Ba5 Na8 27. c5 e5 28. Kb2 Re6 29. f3 g6 30. hxg6 Rxg6 31. Qxe5 Rxg2+ 32. Rd2 Rxd2+ 33. Bxd2 b6 34. Bxh6 bxc5 35. Qxc5 Nb6 36. Bf8 Kb7 37. Qe5 Nd5 38. Be7 Nb4 39. Qe4 Nd5 40. a3 Qh3 41. b4 Qg2+ 42. Kb3 Qd2 43. Bf6 Qd1+ 44. Kb2 Qd2+ 45. Kb3 Qd1+ 46. Kc4 Qc1+ 47. Kb3 Qd1+ 48. Kb2 Qd2+ 49. Kb3 Qd1+ 50. Kb2 Qd2+ 51. Kb3 Qd1+ 52. Kc4 1/2-1/2

[Event "VIE-chT (Women)"]
[Site "Ho Chi Minh City"]
[Date "2017.07.26"]
[Round "4.39"]
[White "Nguyen, Xuan Minh Hang"]
[Black "Chau, Dien Nha Uyen"]
[Result "0-1"]
[WhiteElo "1927"]
[BlackElo "1894"]
[PlyCount "74"]
[EventDate "2017.07.24"]
[EventType "team-swiss"]
[EventRounds "9"]
[EventCountry "VIE"]
[SourceTitle "EXT 2019"]
[Source "ChessBase"]
[SourceDate "2018.10.10"]
[SourceVersion "1"]
[SourceVersionDate "2018.10.10"]
[SourceQuality "1"]

1. c4 e6 2. g3 d5 3. cxd5 exd5 4. d4 Nf6 5. Bg2 b6 6. a3 Bb7 7. e3 Nbd7 8. Ne2 Be7 9. 0-0 0-0 10. Nbc3 Re8 11. b4 Bf8 12. Bb2 Ne4 13. Nf4 Ndf6 14. Nxe4 Nxe4 15. Qc2 Rc8 16. Rac1 c6 17. Ne2 Nd6 18. Qb3 Nc4 19. Rfd1 Ba6 20. Nf4 Bb5 21. Ba1 a5 22. e4 a4 23. Qa2 g5 24. Nh3 h6 25. e5 Bg7 26. f4 Ne3 27. Re1 Nc4 28. f5 Bf8 29. Bf1 c5 30. Rb1 Ba6 31. b5 Bb7 32. Bxc4 dxc4 33. Qxc4 cxd4 34. Qxa4 Qd5 35. Re2 Qh1+ 36. Kf2 Qxb1 37. Qxd4 Bc5 0-1